000 01442nam0a22003611 4500
001 RU\NLR\bibl\1514302
005 20260405192626.0
010 _a978-5-9524-4806-3
_93000
021 _aRU
_b2010-27209
_91830
035 _a(NLR Aleph) 001505687
090 _a48288
_c48288
100 _a20100521d2010 |||y0rusy50 ca
101 1 _arus
_ceng
102 _aRU
105 _aa |||||||||
200 1 _aКаббала
_e[документальное исследование]
_fАртур Э. Уэйт
_g[пер. с англ. А.И. Жигалова]
210 _aМосква
_cЦентрполиграф
_d2010
215 _a702, [1] с.
_d21
300 _aЗагл. и авт. ориг.: The holy kabbalah / A.E. Waite
320 _aБиблиогр. в примеч. в конце разделов
454 0 _12001#$aThe holy kabbalah$zeng
_1700#1$aWaite$bA. E.$gArthur Edward$f1857-1942$3RU\NLR\AUTH\770202088$4070
_tThe holy kabbalah
_aWaite, Arthur Edward (1857-1942)
606 1 _aКаббала
_91274272
_3RU\NLR\auth\66524815
686 _aЭ37-34-024.7
700 1 _4070
_8rus
_7ca
_aУэйт
_bА. Э.
_f1857-1942
_gАртур Эдвард
_3RU\NLR\auth\7784513
_967441
801 0 _aRU
_bNLR
_c20100521
_gRCR
801 1 _aRU
_bNLR
_c20100521
852 _aNLR
_bОЛСАА-сл-спр
_j2-5243
942 _cBOOK
980 _aNB
980 1 _aSL_SPR